<?xml version="1.0" encoding="UTF-8"?>
<marc:record xmlns:marc="http://www.loc.gov/MARC21/slim">
   <marc:leader>00000nam a2200000 a 4500</marc:leader>
   <marc:datafield ind1=" " ind2=" " tag="653">
      <marc:subfield code="a">Kinder DVD</marc:subfield>
   </marc:datafield>
   <marc:datafield ind1="0" ind2="0" tag="245">
      <marc:subfield code="a">Bob der Baumeister</marc:subfield>
   </marc:datafield>
   <marc:datafield ind1="0" ind2="0" tag="245">
      <marc:subfield code="b">Bobs schönstes Weihnachtsfest - Bob hilft dem Weihnachtsmann</marc:subfield>
   </marc:datafield>
   <marc:datafield ind1=" " ind2="1" tag="264">
      <marc:subfield code="a">Stuttgart</marc:subfield>
      <marc:subfield code="b">Sony Musik Entertainment</marc:subfield>
      <marc:subfield code="c">2009</marc:subfield>
   </marc:datafield>
   <marc:datafield ind1="1" ind2=" " tag="520">
      <marc:subfield code="a">Bobs schönstes Weihnachtsfest:
Weihnachten steht vor der Tür und Bob ist sehr aufgeregt. Sein Zwillingsbruder Tom, der am Nordpolwohnt, will zu Besuch kommen. Bob und Tom haben sich schon lange nicht mehr gesehen und können es kaum abwarten, gemeinsam Weihnachten zu feiern.
Doch bis zum Weihnachtsfest gibt es für Bob, Wendy und die Baumaschinen noch viel zu tun. Und auf Tom warten auf der Reise vom Nordpol einige aufregende Abenteuer ... (amazon)
Bob hilft dem Weihnachtsmann:
Weihnachtsmorgen auf Bobs Bauhof! Alle sind schon ganz aufgeregt und zappelig in Erwartung des Heiligen Abends. Als der Bauhof weihnachtlich geschmückt und der Tannenbaum aufgestellt ist, fallen die ersten Schneeflocken, und Bob schlüpft in seine Weihnachtsmann-Verkleidung. Dann entwickelt sich das Wetter in einen regelrechten Schneesturm, und Baggi muss zeigen, was sein Schneepflug zu leisten vermag. (amazon)</marc:subfield>
   </marc:datafield>
   <marc:datafield ind1="3" ind2=" " tag="024">
      <marc:subfield code="a">743218681196</marc:subfield>
   </marc:datafield>
   <marc:datafield ind1=" " ind2=" " tag="041">
      <marc:subfield code="a">ger</marc:subfield>
   </marc:datafield>
   <marc:datafield ind1="1" ind2=" " tag="521">
      <marc:subfield code="a">0</marc:subfield>
   </marc:datafield>
</marc:record>
